Lyrics to "Revival" by Brenn! - Statistics

General Stats
  • This quiz has been taken 3 times
  • The average score is 136 of 235
Answer Stats
Answer % Correct
revival
100%
all
67%
an
67%
and
67%
And
67%
any
67%
baby
67%
be
67%
believe
67%
But
67%
but
67%
calls
67%
can't
67%
Cause
67%
day
67%
down
67%
drove
67%
easy
67%
find
67%
for
67%
go
67%
got
67%
here
67%
home
67%
house
67%
how
67%
I
67%
If
67%
I'll
67%
I'm
67%
it
67%
It
67%
it'll
67%
it's
67%
I've
67%
know
67%
left
67%
love
67%
me
67%
my
67%
never
67%
Northern
67%
now
67%
old
67%
on
67%
other
67%
out
67%
reason
67%
see
67%
seem
67%
selfish
67%
selfless
67%
shut
67%
so
67%
Southern
67%
stay
67%
still
67%
that
67%
that's
67%
the
67%
This
67%
this
67%
to
67%
town
67%
trekked
67%
up
67%
way
67%
when
67%
wish
67%
won't
67%
you
67%
your
67%
you're
67%
You're
67%
ain't
33%
alive
33%
as
33%
As
33%
back
33%
bags
33%
better
33%
blame
33%
change
33%
days
33%
dead
33%
ever
33%
everyone
33%
exit
33%
Far
33%
far
33%
fight
33%
from
33%
gain
33%
holds
33%
hope
33%
like
33%
long
33%
Loosa
33%
lose
33%
losing
33%
loud
33%
make
33%
Mm
33%
name
33%
not
33%
nothing
33%
of
33%
off
33%
or
33%
own
33%
pack
33%
paved
33%
place
33%
reasons
33%
reckless
33%
same
33%
say
33%
some
33%
sounds
33%
survive
33%
take
33%
these
33%
things
33%
town's
33%
Unlike
33%
with
33%
ya
33%
No matching quizzes found
Score Distribution
Percent of People with Each Score
Percentile by Number Answered
Your Score History
You have not taken this quiz